[Event "Mumbai Wealth op 3rd"]
[Site "Mumbai"]
[Date "2018.01.06"]
[Round "8"]
[White "Kant, Swapnil"]
[Black "Sai, Kiran Y"]
[Result "0-1"]
[WhiteElo "1481"]
[BlackElo "1743"]
[PlyCount "40"]
[EventDate "2017.12.30"]
[EventType "swiss"]
[EventRounds "9"]
[EventCountry "IND"]
[SourceTitle "CBM 182 Extra"]
[Source "ChessBase"]
[SourceDate "2018.02.23"]
[SourceVersion "1"]
[SourceVersionDate "2018.02.23"]
[SourceQuality "1"]

1. e4 e6 2. d4 d5 3. e5 c5 4. c3 Nc6 5. Nf3 Bd7 6. a3 Qb6 7. b4 cxd4 8. cxd4 Nge7 9. Bb2 Nf5 10. Be2 Be7 11. 0-0 0-0 12. g4 Nh4 13. Nxh4 Bxh4 14. Qd3 f5 15. f4 fxg4 16. Bxg4 g5 17. Bc1 Nxe5 18. fxe5 Rxf1+ 19. Kxf1 Bb5 20. Bxe6+ Kh8 0-1

[Event "Panchavati Resha op 3rd"]
[Site "Panchavati"]
[Date "2017.07.22"]
[Round "9"]
[White "Kant, Swapnil"]
[Black "Yadav, Prem Gopal"]
[Result "1/2-1/2"]
[WhiteElo "1439"]
[BlackElo "1621"]
[PlyCount "60"]
[EventDate "2017.07.18"]
[EventType "swiss"]
[EventRounds "10"]
[EventCountry "IND"]
[SourceTitle "EXT 2018"]
[Source "ChessBase"]
[SourceDate "2017.10.13"]
[SourceVersion "1"]
[SourceVersionDate "2017.10.13"]
[SourceQuality "1"]

1. e4 e6 2. d4 d5 3. e5 c5 4. c3 Nc6 5. Nf3 Bd7 6. a3 c4 7. Be3 Na5 8. Nbd2 Bc6 9. Be2 Qd7 10. Qc1 Ba4 11. Bd1 Ne7 12. Bxa4 Qxa4 13. Qd1 Qxd1+ 14. Kxd1 Rb8 15. Kc2 h6 16. Rab1 Nec6 17. b4 cxb3+ 18. Nxb3 Nxb3 19. Rxb3 Kd7 20. Nd2 Na5 21. Rbb1 Be7 22. Kd3 Rhc8 23. a4 Bd8 24. Nb3 Nxb3 25. Rxb3 Ba5 26. Bd2 Rc4 27. f4 b6 28. g4 h5 29. g5 g6 30. h4 Rbc8 1/2-1/2